| 000 | 00539nam a2200169 i 4500 | ||
|---|---|---|---|
| 001 | 107302 | ||
| 003 | ES-MaACL | ||
| 005 | 20230906184402.0 | ||
| 007 | t| | ||
| 008 | 061121s1952 sp r ||||1| spa d | ||
| 100 | 1 |
_aMoro Gabriel, Aurora. _983624 |
|
| 245 | 1 | 4 |
_aLos castillos de la provincia de Valladolid / _cAurora Moro Gabriel. |
| 260 |
_aValladolid : _b[s.n], _c1952 ( _fTall. Gráf. de Miñon) |
||
| 300 |
_a24 p., 10 lám : _bil. ; _c20 cm. |
||
| 650 | 4 |
_aCastillos- _zValladolid. _9153835 |
|
| 852 |
_aES-MaACL _j1946-F-7 _bR.32800 |
||
| 999 |
_c107302 _d107302 |
||